Sports Quiz

Random Sports or World Quiz

Golf World Rankings Official 7/28/2017 1-50 Quiz Stats

 Plays Quiz not verified by Sporcle

Challenge
Share
Tweet
Embed
Score 0/50 Timer 08:00
0 Plays Today
World Ranking Name % Correct
4Rory McIlroy
99.1%
2Jordan Spieth
97.9%
6Jason Day
97.1%
8Henrik Stenson
95.7%
1Dustin Johnson
94.3%
5Sergio Garcia
94.1%
13Justin Rose
91.3%
17Adam Scott
89.7%
3Hideki Matsuyama
87.7%
25Phil Mickelson
86.3%
11Rickie Fowler
86.1%
46Bubba Watson
82.7%
22Louis Oosthuizen
77.4%
21Charl Schwartzel
73%
26Patrick Reed
70.7%
18Paul Casey
68.9%
12Matt Kuchar
67.1%
15Tommy Fleetwood
66.9%
27Brian Harman
66.4%
43Danny Willett
62.4%
35Brandt Snedeker
62.1%
30Branden Grace
61.9%
14Justin Thomas
61.4%
10Brooks Koepka
60.7%
33Thomas Pieters
60.3%
World Ranking Name % Correct
20Francesco Molinari
58.3%
9Alex Noren
54.4%
16Rafael Cabrera Bello
52.1%
7Jon Rahm
51%
34Siwoo Kim
47.1%
40Matthew Fitzpatrick
46.1%
28Marc Leishman
45.7%
32Kevin Chappell
44.9%
23Tyrrell Hatton
43.9%
50Hideto Tanihara
43.9%
19Daniel Berger
43.6%
48Emiliano Grillo
42%
49Russell Knox
41%
42Pat Perez
41%
38Charley Hoffman
40%
45Ryan Moore
39.6%
31Bernd Wiesberger
39.4%
44Billy Horschel
36.1%
37Jimmy Walker
35.9%
36Wesley Bryan
35.6%
39Bill Haas
35%
29Jason Dufner
34.3%
47Gary Woodland
34.3%
24Kevin Kisner
33.9%
41Ross Fisher
31.7%

You're not logged in!

Compare scores with friends on all Sporcle quizzes.
OR
Log In

You Might Also Like...

Show Comments

Extras

Top Quizzes Today


Score Distribution

Your Account Isn't Verified!

In order to create a playlist on Sporcle, you need to verify the email address you used during registration. Go to your Sporcle Settings to finish the process.

Report this User

Report this user for behavior that violates our Community Guidelines.

Details: